Islam y política : las traiciones de la modernidad /

Sostiene el autor de este libro que el Estado islámico nació como tal apenas a principios del siglo XX, cuando la caída del imperio otomano puso fin a un poder personal despósito y opresor. El estudio rastrea el origen del poder político en las sociedades islámicas, desde los originarios califatos,...

Deskribapen osoa

Gorde:
Xehetasun bibliografikoak
Egile nagusia: Ghalioun, Burhan (autor)
Formatua: Liburua
Hizkuntza:gaztelania
Argitaratua: Barcelona, España : Bellaterra, 1999, c1999
Saila:(Biblioteca del Islam Contemporáneo ; 11)
Gaiak:
Etiketak: Etiketa erantsi
Etiketarik gabe, Izan zaitez lehena erregistro honi etiketa jartzen!

MARC

LEADER 00000nam^a2200000^a^4500
001 000146464
005 20250521000000.0
009 20260310095911.729
020 |a 84-7290-114-9 
037 |a Acervo ITESO - Biblioteca 
041 |a ESP 
082 |a 909. 097671  |b BIB V. 11 
100 |a Ghalioun, Burhan  |e (autor) 
245 1 0 |a Islam y política :  |b las traiciones de la modernidad /  |c B. Bhalioun ; tr. por Mari Carmen Doñate. 
264 4 |a Barcelona, España :  |b Bellaterra,  |c 1999, c1999 
300 |a 261 p. 
336 |a texto  |b txt  |2 rdacontenido 
337 |a sin mediación  |b n  |2 rdamedio 
338 |a volumen  |b nc  |2 rdasoporte 
440 1 |a (Biblioteca del Islam Contemporáneo ;  |v 11) 
500 |a Traducción de: Islam et politique 
520 |a Sostiene el autor de este libro que el Estado islámico nació como tal apenas a principios del siglo XX, cuando la caída del imperio otomano puso fin a un poder personal despósito y opresor. El estudio rastrea el origen del poder político en las sociedades islámicas, desde los originarios califatos, para luego ir dando cuenta de cómo fue evolucionando y construyendo su identidad, incluyendo el surgimiento de corrientes seculares a su interior. 
649 |a XX 
650 |a Arabes -  |x Condiciones Políticas 
650 |a Islamismo -  |x Aspectos Políticos 
650 |a Identidad Cultural 
650 |a Nacionalismo 
650 |a Secularización 
650 |a Nación 
650 |a Estado, El 
650 |a Política y Religión 
910 |a Fondo General 
920 |a Impresos - Libros 
930 |a Colección General 
905 |a 101 
901 |a 0500075655  |b IT1  |c ACC  |u 20250521 
902 |a https://opac.biblio.iteso.mx/vufind/Record/000146464